<?xml version="1.0" encoding="UTF-8"?><?xml-stylesheet type="text/xsl" href="static/style.xsl"?><OAI-PMH xmlns="http://www.openarchives.org/OAI/2.0/" xmlns:xsi="http://www.w3.org/2001/XMLSchema-instance" xsi:schemaLocation="http://www.openarchives.org/OAI/2.0/ http://www.openarchives.org/OAI/2.0/OAI-PMH.xsd"><responseDate>2026-04-17T21:25:11Z</responseDate><request verb="GetRecord" identifier="oai:www.recercat.cat:2072/473235" metadataPrefix="marc">https://recercat.cat/oai/request</request><GetRecord><record><header><identifier>oai:recercat.cat:2072/473235</identifier><datestamp>2025-07-29T22:32:56Z</datestamp><setSpec>com_2072_98</setSpec><setSpec>col_2072_378192</setSpec></header><metadata><record xmlns="http://www.loc.gov/MARC21/slim" xmlns:dcterms="http://purl.org/dc/terms/" xmlns:xsi="http://www.w3.org/2001/XMLSchema-instance" xmlns:doc="http://www.lyncode.com/xoai" xsi:schemaLocation="http://www.loc.gov/MARC21/slim http://www.loc.gov/standards/marcxml/schema/MARC21slim.xsd">
   <leader>00925njm 22002777a 4500</leader>
   <datafield ind2=" " ind1=" " tag="042">
      <subfield code="a">dc</subfield>
   </datafield>
   <datafield ind2=" " ind1=" " tag="720">
      <subfield code="a">Sánchez Jiménez, Antonio</subfield>
      <subfield code="e">author</subfield>
   </datafield>
   <datafield ind2=" " ind1=" " tag="260">
      <subfield code="c">2024</subfield>
   </datafield>
   <datafield ind2=" " ind1=" " tag="520">
      <subfield code="a">Este trabajo examina la retórica paratextual en las dedicatorias de las partes de comedias que Lope publicó durante el reinado de Felipe IV. Se trata de un periodo clave para el reposicionamiento del Fénix en el campo literario del momento, debido a las guerras literarias en las que andaba envuelto, a las oportunidades que percibió en el cambio de gobierno y a las ambiciones cortesanas el poeta, que convergían en el puesto de cronista real. El corpus en que vamos a estudiar estos afanes se eleva a 72 dedicatorias de comedias individuales -las de las Partes XV-XX- y seis generales -las que Lope escribió al frente de cada una de las partes-. En ellas, examinaremos elementos recurrentes, tanto al nivel de la inventio (temas y tópicos) como de la elocutio (giros y metáforas). Tras reseñarlos y proponer un breve análisis cuantitativo, estudiaremos cada elemento en particular y, sobre todo, los relacionaremos para proponer conexiones que pongan de manifiesto las estrategias de construcción autorial a que recurrió el Fénix durante estos años.</subfield>
   </datafield>
   <datafield ind2=" " ind1=" " tag="520">
      <subfield code="a">This paper examines the paratextual rhetoric in the dedications of the partes de comedias that Lope published during the reign of Philip IV. This is a key period for the repositioning of the Phoenix in the literary field of the moment, due to the literary wars in which he was involved, the opportunities he perceived in the change of government and the poet's courtly ambitions, which converged in the position of royal chronicler. The corpus which I will attend amounts to 72 dedications of individual comedias -those of Partes XV-XX- and six general ones -those that Lope published in the first pages of each of the partes. In all of them, I will examine recurring elements, both at the level of inventio (themes and topics) and elocutio (phrases and metaphors). After reviewing them and proposing a brief quantitative analysis, I will study each element in particular and, above all, I will establish relations that reveal the authorial construction strategies that the Phoenix resorted to during these years.</subfield>
   </datafield>
   <datafield tag="653" ind2=" " ind1=" ">
      <subfield code="a">Lope de Vega</subfield>
   </datafield>
   <datafield tag="653" ind2=" " ind1=" ">
      <subfield code="a">Dedicatorias</subfield>
   </datafield>
   <datafield tag="653" ind2=" " ind1=" ">
      <subfield code="a">Prólogos</subfield>
   </datafield>
   <datafield tag="653" ind2=" " ind1=" ">
      <subfield code="a">Partes</subfield>
   </datafield>
   <datafield tag="653" ind2=" " ind1=" ">
      <subfield code="a">Construcción autorial</subfield>
   </datafield>
   <datafield tag="653" ind2=" " ind1=" ">
      <subfield code="a">Dedications</subfield>
   </datafield>
   <datafield tag="653" ind2=" " ind1=" ">
      <subfield code="a">Prologues</subfield>
   </datafield>
   <datafield tag="653" ind2=" " ind1=" ">
      <subfield code="a">Authorial construction</subfield>
   </datafield>
   <datafield ind2="0" ind1="0" tag="245">
      <subfield code="a">Metáforas de construcción autorial en Lope de Vega : prólogos y dedicatorias de las partes XV-XX (1621-1625)</subfield>
   </datafield>
</record></metadata></record></GetRecord></OAI-PMH>